Responses for Show #7097 - Tuesday, June 23, 2015

Contestants

[<< previous game]

Matt Pressman, a graduate student in history from Somerville, Massachusetts

Donna Normington, an office manager from Mesa, Arizona

Sacha Samotin, a student from Naples, Florida (whose 1-day cash winnings total $19,600)

[next game >>]

Jeopardy! Round responses

NEW YORK POLITICIANS
DISCOGRAPHIES
6-LETTER WORDS
TOOLS
LITERARY CHARACTERS
SPOT THE IM‑PASTA
(Alex: We want you to [*]: the one item in the clue that is not a pasta.)
    $200 3
Hillary Clinton

Sacha
    $200 17
the Foo Fighters

Sacha
    $200 22
a ticker

Donna
    $200 26
a saw

Sacha
    $200 2
Brer Rabbit

Matt
    $200 1
consigliere

Donna
    $400 4
(Alex: [Chuckling] Well, we'll accept that. They call him [*].)

Chuck Schumer (Charles Schumer accepted)

Donna
    $400 18
Tina Turner

Matt
    $400 21
quarry

Matt
    $400 27
(Sacha: What's a scythe?)

a sickle

SachaDonna
    $400 5
Achilles

Sacha
    $400 9
(Alex: Yeah, it's a town.)

Mineola

Matt
    $600 6
("Boss") Tweed

Matt
    $600 19
Bette Midler

Donna
    $600 15
a woofer

Matt
    $600 28
a grinder

Sacha
    $600 14
Tom Riddle

Sacha
    $600 10
(Sacha: What is fideo?)
...
(Alex: It's a dance. Provençale.)

farandole

SachaMatt
    $800 7
conservative

Matt
    $800 20
Led Zeppelin

Matt
    $800 13
voyeur

Donna
    $800 29
an awl

Matt
    $2,000 24
Tiny Tim

Matt
    $800 11
(Alex: Ice cream.)

tortoni

Sacha
    $1000 8
Dewey

Matt
    $1000 23
Sam Smith

Matt
    $1000 16
supine

Matt
    $1000 30
(Sacha: What is a hammer?)

an axe (a hatchet accepted)

SachaMatt
    $1000 25
Phoebe

Matt
    $1000 12
(Alex: It's a fabric.)

calamanco

Matt

Scores at the first commercial break (after clue 15):

Sacha Donna Matt
$1,400 $1,400 $5,200

Scores at the end of the Jeopardy! Round:

Sacha Donna Matt
$1,000 $2,600 $13,600

Double Jeopardy! Round responses

LINES IN THE SAND
HISTORICAL FILMS
A WORLD OF ART
ALPHANUMERICS
U.S. AREAS & TERRITORIES
3-"SY"LLABLE WORDS
(Alex: Each correct response will begin with "S-Y" and contain three syllables.)
    $400 5
Iwo Jima

Matt
    $400 11
the Sydney Opera House

Sacha
    $400 22
(Sacha: What is R2-D2?)

C-3PO

SachaMatt
    $400 1
Puerto Rico

Matt
    $400 16
symmetry

Donna
    $800 6
Amistad

Sacha
    $800 12
Spain

Matt
    $800 19
(Sacha: What is V12?)

a V16

Sacha
Triple Stumper
    $800 2
the U.S. Virgin Islands

Matt
    $800 17
a synopsis

Matt
    $1200 26
the hourglass

Donna
    $1200 8
the Boxer Rebellion

Matt
    $1200 13
Diego Rivera

Matt
    $1200 20
501(c)(3)

Sacha
    $4,000 3
(Matt: What is Guam?)

American Samoa

Matt
    $1200 18
Syracuse

Sacha
    $1600 27
(Sacha: Who is Chiang Kai-shek?)

Sun Yat-sen

Sacha
Triple Stumper
    $1600 9
Thomas More

Matt
    $1600 14
Marc Chagall

Triple Stumper
    $5,800 21
(Sacha: What is H5N1?)

H1N1

Sacha
    $1600 4
the Department of the Interior

Donna
    $1600 23
(Alex: Yes, with a minute to go.)

a sycophant

Matt
    $2000 28
[The end-of-round signal sounds.]

"Ozymandias"

Triple Stumper
    $2000 10
The Diary of Anne Frank

Donna
    $2000 15
Paul Klee

Triple Stumper
    $2000 25
(Donna: What is PX-90?)

P90X

SachaDonna
    $2000 7
Guam

Sacha
    $2000 24
(Donna: What is stystolic?)
[Originally ruled correct; reversed before Final Jeopardy!]

systolic

Donna
Triple Stumper

Scores at the end of the Double Jeopardy! Round:

Sacha Donna Matt
$0 $3,800 $18,800
(lock game)

[wagering suggestions for these scores]

Final Jeopardy! Round responses

FUN & GAMES
(Alex: This is a little tricky. You have to remember that those corner squares overlap.)
...
(Alex: 8 to a side, less the 4 corners, 32 minus 4.)
DonnaWhat is 48 36?
$3,800
MattWhat is 36?
$5,000
28

Final scores:

Sacha Donna Matt
$0 $0 $13,800
3rd place: $1,000 2nd place: $2,000 New champion: $13,800

Game dynamics:

Coryat scores:

Sacha Donna Matt
$5,800 $3,800 $21,600
13 R,
7 W
(including 1 DD)
10 R,
2 W
27 R
(including 1 DD),
1 W
(including 1 DD)

Combined Coryat: $31,200

[game clues] [game scores] [suggest correction]

Game tape date: Unknown
The J! Archive is created by fans, for fans. Scraping, republication, monetization, and malicious use prohibited; this site may use cookies and collect identifying information. See terms. The Jeopardy! game show and all elements thereof, including but not limited to copyright and trademark thereto, are the property of Jeopardy Productions, Inc. and are protected under law. This website is not affiliated with, sponsored by, or operated by Jeopardy Productions, Inc. Join the discussion at JBoard.tv.